Cartilla de dibujo geométrico industrial / (Record no. 161696)
[ view plain ]
| 000 -LEADER | |
|---|---|
| campo de control de longitud fija | 00875nam a22002055i 4500 |
| 001 - NÚMERO DE CONTROL | |
| campo de control | 161696 |
| 003 - IDENTIFICADOR DE NÚMERO DE CONTROL | |
| campo de control | ES-MaACL |
| 005 - FECHA Y HORA DE LA ÚLTIMA TRANSACCIÓN | |
| campo de control | 20230906212336.0 |
| 008 - DATOS DE LONGITUD FIJA--INFORMACIÓN GENERAL | |
| campo de control de longitud fija | 041022m18941898sp a |||| | spa d |
| 040 ## - FUENTE DE CATALOGACIÓN | |
| Centro catalogador/agencia de origen | CAM |
| Lengua de catalogación | spa |
| Centro/agencia transcriptor | CAM |
| 100 1# - ENTRADA PRINCIPAL--NOMBRE DE PERSONA | |
| Nombre de persona | Peñas, Pedro. |
| 9 (RLIN) | 131103 |
| 245 10 - MENCIÓN DEL TÍTULO | |
| Título | Cartilla de dibujo geométrico industrial / |
| Mención de responsabilidad, etc. | por Pedro Peñas. |
| 260 ## - PUBLICACIÓN, DISTRIBUCIÓN, ETC. | |
| Lugar de publicación, distribución, etc. | Madrid : |
| Nombre del editor, distribuidor, etc. | [s.n.], |
| Fecha de publicación, distribución, etc. | 1894-1898 ( |
| Fabricante | Establecimiento tipolitográfico de Julián Palacios) |
| 300 ## - DESCRIPCIÓN FÍSICA | |
| Extensión | 3 v. ; |
| Dimensiones | 23 cm. |
| 490 1# - MENCIÓN DE SERIE | |
| Mención de serie | Manual del obrero |
| 505 8# - NOTA DE CONTENIDO CON FORMATO | |
| Nota de contenido con formato | Contiene: T.I, 1894: Problemas de geometría plana y sus aplicaciones (98 p.) - T.II, 1898: Proyecciones (128 p.) - T.III, 1894: Atlas (XVI h. dobles de lám.) - T.IV, 1898: Atlas (XX h. dobles de lám.) |
| 830 0# - PUNTO DE ACCESO ADICIONAL DE SERIE-TÍTULO UNIFORME | |
| Título uniforme | Manual del obrero |
| 9 (RLIN) | 222132 |
| 852 ## - LOCALIZACIÓN | |
| Ubicación | ES-MaACL |
| Número de control de estantería | F-12340-12341 |
| Nota libre | -- Enc. pasta española |
| -- | -- 4 t. en 2 v. |
| Estatus retirado | Estado de pérdida | Estado de daño | No para préstamo | Colección | Biblioteca de origen | Biblioteca actual | Ubicación en estantería | Fecha de adquisición | Fuente de adquisición | Total de préstamos | Signatura topográfica completa | Código de barras | Visto por última vez | Precio de reemplazo | Tipo de ítem Koha |
|---|---|---|---|---|---|---|---|---|---|---|---|---|---|---|---|
| Libros del s. XIX | Biblioteca del Ateneo de Madrid | Biblioteca del Ateneo de Madrid | Sala Pecera Planta 2 | 17/01/2008 | F-12340-12341 | 1169375 | 23/02/2023 | 23/02/2023 | Libro impreso antiguo |
